Pamela's prayer

Esta película retrata la historia única de Pamela Bucklin desde su nacimiento en 1969 hasta el día de su boda en 1991. Todos sus amigos estaban saliendo. Pamela no lo estaba. Y parecía injusto que su padre insistiera en un estándar de pureza tan alto. Sí, parecía injusto … hasta el día en que se cas...

Descripción completa

Guardado en:
Detalles Bibliográficos
Otros Autores: Christiano, Dave (Director)
Formato: Video Global
Lenguaje:inglés
español
Publicado: Estados Unidos Christian Films 1998
Etiquetas: Agregar Etiqueta
Sin Etiquetas, Sea el primero en etiquetar este registro!

MARC

LEADER 00000nam a22000005a 4500
003 CL-ChUAC
005 20210114173641.0
006 g
007 v
007 d
008 210112s1998 xxu||||| |||| 000 ||eng
040 |a CL-ChUAC  |c CL-ChUAC  |e rda  
041 1 |a eng  |a spa 
082 0 0 |2 22  |a xxxx 
245 1 0 |a Pamela's prayer   |c [dirigida por] Dave Christiano   |h [videograbación]  
260 |a Estados Unidos   |b Christian Films   |c 1998 
300 |a 1 DVD (57 minutos aproximadamente)   |b sonido, color  
336 |a imagen en movimiento bidimensional  |b tdi 
337 |a proyectado  |b g 
338 |a videodisco   |b vd 
511 1 |a Serena Orrego, Rick Scheideman, Ted Kuenz, Sarah Padbury, Justin Crafts, Shawn Hardin, Gerry Marx, Mary Lou Ward, Troy Barker, Clif Willis, Lacey Hanner, Sophie Christiano 
520 |a Esta película retrata la historia única de Pamela Bucklin desde su nacimiento en 1969 hasta el día de su boda en 1991. Todos sus amigos estaban saliendo. Pamela no lo estaba. Y parecía injusto que su padre insistiera en un estándar de pureza tan alto. Sí, parecía injusto … hasta el día en que se casó. 
521 |a Todo espectador  
546 |a En inglés y español 
700 1 |a Christiano, Dave  |e director  
942 |2 ddc  |c MDVD 
945 |0 lss 
952 |0 0  |1 0  |2 ddc  |4 0  |5 1  |6 XXXX  |7 1  |9 1168805  |a UNACH  |b UNACH  |c HEM  |d 2021-01-12  |i 366  |l 0  |o xxxx  |p 105479  |r 2021-01-12 00:00:00  |t 1  |w 2021-01-12  |y MDVD 
999 |c 2366006  |d 2366006